000 02057nam a2200217Ia 4500
999 _c35989
_d35989
003 OSt
005 20210130153222.0
008 160316s2008 xxu||||| |||| 00| 0 eng d
020 _a8189800752
040 _c.
082 _a331.2 PUR-II
_bPUR-II
100 _aPuri V K
245 _aCompilation of sixth pay central pay commission report Vol II
260 _aNew Delhi
_bJBA Publishers
_c2008
300 _a338p
_cxiv
365 _bRs. 720 Vols
505 _aCONTENTS Unions/Federations/Associations/Eminent persons heard by the Commission; Pay & Pension Structure in Public Sector Undertakings; - Pay Scales in Petroleum and Power sector PSUs; - House Rent Allowance in Petroleum and Power sector PSUs; - Conveyance Allowance reimbursement/advance in Petroleum and Power sector PSUs; - Children Education Allowance in Petroleum and Power sector PSUs; - Leave Travel Concession in Petroleum and Power sector PSUs; - Medical benefits in Petroleum and Power sector PSUs; - Performance Linked Incentive in Petroleum and Power sector PSUs; - Productivity Incentive Scheme in Petroleum and Power sector PSUs; - Retirement benefits in Petroleum and Power sector PSUs; Central Public Sector Enterprises - Performance Linked Incentive Schemes, Employees Stock Option Scheme and Enterprise specific implementation models; Experience of Private Organisations in India with Performance Related Incentives; International Experience of PRIS; PRIS Implementation; Introduction of High Performance Work Practices trough Performance Related Incentive Schemes @RIS); Public Service (citizen/stakeholder) Accountability and the Sevottam Model; Illustrative formula for computing PLB in Railways; Guidelines contained in National Policy of persons with disabilities; Fixation of the pension of the existing pensioners; Proposed revised commutation table; E4ovemance and Bes Practices; List of Regulatory Bodies; Analysis of Responses to Questionnaire.
650 _a1.Fifth Pay Commission Report
700 _a
_a
942 _2ddc
_cBK